000 00350nam a2200133Ia 4500
008 240624s9999 xx 000 0 und d
041 _aeng
082 _a624 SIN
100 _aSINNETT DANIELLE
245 _aHANDBOOK ON GREEN INFRASTRUCTURE PLANNIN
260 _c2015
_aUSA
_bEdward Elgar
300 _axvii, : 474 : p. : cm. ; 25
365 _cGBP
_b30
999 _c26681
_d26681